000 00505nam a22001817a 4500
999 _c259446
_d259445
003 OSt
005 20220928112454.0
008 220928b xxu||||| |||| 00| 0 eng d
020 _a0130619116,
020 _a9780130619112
040 _bEng
_cRU
050 _aBJ1012
_b .M24 2003
100 _a Sinclair A. MacRae.
245 _aAn introduction to ethics :
_b theories, perspectives and issues
260 _aToronto :
_b Prentice Hall,
_cc2003.
300 _axxx, 290 p. ;
_c26 cm.
942 _2lcc
_cBK